Los rayos del sol (Record no. 162153)
[ view plain ]
| 000 -LEADER | |
|---|---|
| campo de control de longitud fija | 01091nam a22002295i 4500 |
| 001 - NÚMERO DE CONTROL | |
| campo de control | 162153 |
| 003 - IDENTIFICADOR DE NÚMERO DE CONTROL | |
| campo de control | ES-MaACL |
| 005 - FECHA Y HORA DE LA ÚLTIMA TRANSACCIÓN | |
| campo de control | 20250930063143.0 |
| 008 - DATOS DE LONGITUD FIJA--INFORMACIÓN GENERAL | |
| campo de control de longitud fija | 020215s1871 sp |||| | spa d |
| 040 ## - FUENTE DE CATALOGACIÓN | |
| Centro catalogador/agencia de origen | CAM |
| Lengua de catalogación | spa |
| Centro/agencia transcriptor | CAM |
| 100 0# - ENTRADA PRINCIPAL--NOMBRE DE PERSONA | |
| Nombre de persona | Pina, Mariano, |
| Fechas asociadas al nombre | 1820-1883 |
| 9 (RLIN) | 92066 |
| 245 14 - MENCIÓN DEL TÍTULO | |
| Título | Los rayos del sol |
| Resto del título | : zarzuela en un acto / |
| Mención de responsabilidad, etc. | letra de Mariano Pina ; música de J. Offenbach. |
| 260 ## - PUBLICACIÓN, DISTRIBUCIÓN, ETC. | |
| Lugar de publicación, distribución, etc. | Madrid : |
| Nombre del editor, distribuidor, etc. | [s.n.], |
| Fecha de publicación, distribución, etc. | 1871 ( |
| Fabricante | Imprenta de José Rodriguez) |
| 300 ## - DESCRIPCIÓN FÍSICA | |
| Extensión | 31 p. ; |
| Dimensiones | 20 cm. |
| 500 ## - NOTA GENERAL | |
| Nota general | En port.: Representada por primera vez en Madrid, en el Teatro del Circo (Bufos Arderius) el 3 de febrero de 1871. |
| 500 ## - NOTA GENERAL | |
| Nota general | Solo la letra. |
| 500 ## - NOTA GENERAL | |
| Nota general | Precede al tít.: Repertorio de los bufos Arderius. |
| 596 ## - NOTA AL PIE DE IMPRENTA | |
| NOTA AL PIE DE IMPRENTA | En verso de la port. consta: "... Galerias Dramáticas y Líricas de Gullon e Hidalgo ..." |
| 700 0# - ENTRADA AGREGADA--NOMBRE PERSONAL | |
| Nombre de persona | Offenbach, Jacques. |
| 9 (RLIN) | 86559 |
| 852 ## - LOCALIZACIÓN | |
| Ubicación | ES-MaACL |
| Número de control de estantería | F-8584(7) |
| Nota libre | -- Enc. pasta española |
| condición física | -- Falto de la cub. original |
| Nota libre | -- Enc. en un vol. facticio formando parte de la col. facticia "Teatro español moderno", vol. 37 |
| Estatus retirado | Estado de pérdida | Estado de daño | No para préstamo | Colección | Biblioteca de origen | Biblioteca actual | Ubicación en estantería | Fecha de adquisición | Total de préstamos | Signatura topográfica completa | Código de barras | Visto por última vez | Precio de reemplazo | Tipo de ítem Koha |
|---|---|---|---|---|---|---|---|---|---|---|---|---|---|---|
| Libros del s. XIX | Biblioteca del Ateneo de Madrid | Biblioteca del Ateneo de Madrid | Sala Pecera Planta 2 | 17/01/2008 | F-8584(7) | 1169873 | 23/02/2023 | 23/02/2023 | Libro impreso antiguo |
